00700nam a2200241Ia 4500008004100000020001800041050001900059050001800078100001600096245003900112245004700151245003500198260002200233260001600255260000900271300001600280300001100296440003000307500005100337650002700388650002500415650001800440180523s9999 xx 000 0 und d a0-8213-5080-3 aMAIN HD 6971.5 b.A33 2002 c.1 aAidt, Toke. 0aUnions and collective bargaining : 0beconomic effects in a global environment / 0cToke Aidt., Zafiris Tzannatos. aWashington D.C. : bWorld Bank, c2002 a168 pages : c23 cm. aDirections in development aIncludes bibliographical references and index. aCollective bargaining. aInternational trade. xLabor unions.